Statistics for People by Picture - F

Click here to take the quiz!

General Stats

  • This quiz has been taken 636 times
  • The average score is 7 of 18

Answer Stats

Answer% Correct
Frank Sinatra
93%
Fidel Castro
72%
Frida Kahlo
72%
Florence Nightingale
66%
Fergie
64%
Franklin D. Roosevelt
60%
Forest Whitaker
43%
Frank Lampard
43%
Ferdinand Magellan
40%
Florence (+ the Machine)
35%
François Hollande
30%
Franz Kafka
27%
Felicity Jones
21%
Sir Francis Bacon
15%
Fibonacci
8%
Freema Agyeman
8%
Ferdinand von Zeppelin
6%
Franz Marc
6%

Score Distribution

Percentile by Number Answered

Percent of People with Each Score

Your Score History

You have not taken this quiz